000 00755nam a2200265Ia 4500
008 100315s9999 xx 000 0 und d
020 _a81-203-2163-4 
040 _cENGLISH 
082 _b6442 
_a658.5 
100 _a"BLOOMBERG , DAVID J., LeMay, Stephen, Hanna, Joe B. "
245 _aLogistics
260 _aNew Delhi 
_bPrentice-Hall of India  
_c2005 
300 _a310 pg. 
365 _eRupees 
_d
_b157.50 
366 _f10 
505 _gVinayak Gonjare 
520 _aInclude Index 
530 _bBG-(Shubham Books) 1097/19-11-2007 
_a1097/19-11-2007 
536 _a01/04/2007-31/03/2008 
620 _aLogistics 
630 _aLogistics
650 _aLogistics 
730 _aLogistics
942 _cBOOK
999 _c481177
_d481174